| 000 | 00489nam a22001697a 4500 | ||
|---|---|---|---|
| 999 |
_c18688 _d18688 |
||
| 008 | 210114b xxu||||| |||| 00| 0 eng d | ||
| 020 | _a1138240681 | ||
| 050 |
_aKD442 _b.L36 2018 c.1 |
||
| 100 | _aLammasniemi, Laura | ||
| 245 |
_aLaw Disserations _ba step-by-step guide _cLaura Lammasniemi |
||
| 260 |
_aLondon _bRoutledge _c2018 |
||
| 300 | _ax, 195p. | ||
| 650 |
_aLaw _vstudy and teaching |
||
| 650 | _aLegal Composition | ||
| 650 |
_aDissertations _vacademic |
||
| 942 |
_2lcc _cBK |
||